000
00283nam a22001217a 4500
008
260428b ||||| |||| 00| 0 eng d
041
_a
Shqip
080
_a
821.1
100
_a
40
101
_a
Roman
245
_a
Rrëmbimi i vajzës së këngës
_c
Rushit Ramabaja
942
_2
udc
_c
BK
999
_c
61015
_d
61015